000 00448nam a22001217a 4500
999 _c532760
_d532760
008 260311b ||||| |||| 00| 0 eng d
100 _aKumar, Sanjeev
_959732
245 _aPolicy research and challenges of data collection: A field view from the Northern Hindi belt of India
260 _aMadhya Pradesh Journal of Social Sciences
300 _a 29(1), Jun, 2024: p.41-56
773 _aMadhya Pradesh Journal of Social Sciences
942 _cAR